Phineas and Ferb Characters Quiz - Statistics

General Stats
  • This quiz has been taken 508 times
    483 since last reset
  • The average score is 12 of 30
Answer Stats
Hint Answer % Correct
Triangle-headed inventive kid (LN) Phineas Flynn
92%
His step brother that doesn't talk much (LN) Ferb Fletcher
88%
Teenage sister that wants to bust her brothers (LN) Candace Flynn
85%
Secret-agent pet platypus Perry
56%
The young intern Carl
52%
Evil scientist's daughter Vanessa
51%
Teenage sister's best friend Stacy
49%
OWCA Director Major Monogram
47%
Teenage sister and triangle-headed kid's pop star mom Linda
45%
Evil scientist's giant robot assistant Norm
44%
Evil scientist that creates inators (LN) Heinz Doofenshmirtz
43%
Secret agent panda Peter
41%
Secret agent chihuahua Pinky
41%
A big fan of the triangle-headed boy and his step brother Irving
39%
Evil scientist's ex-wife Charlene
38%
Teenage sister's other friend Jenny
38%
Step brother's father (LN) Lawrence Fletcher
38%
Evil scientist's balloon best friend Balloony
36%
Teenage sister's boyfriend (LN) Jeremy Johnson
36%
Danville mayor and evil scientist's brother (LN) Roger Doofenshmirtz
36%
OWCA Director's son (LN) Monty Monogram
33%
Their friend from outer space Meap
32%
Their intergalactic friend's enemy Mitch
30%
Teenage sister's boyfriend's little sister (LN) Suzy Johnson
29%
Young girl that has a crush on the triangle-headed kid (LN) Isabella Shapiro
28%
Big fat bully kid (LN) Buford Van Stomm
24%
Evil scientist's daughter's goth ex-boyfriend Johnny
22%
Fireside girl that has a crush on the nerd kid Ginger
19%
Teenage sister's bestfriend's boyfriend Coltrane
14%
Indian nerd kid (LN) Baljeet Singh
3%
No matching quizzes found
Score Distribution
Percent of People with Each Score
Percentile by Number Answered
Your Score History
You have not taken this quiz since the last reset